000 00289nam a22001337a 4500
008 170911b xxu||||| |||| 00| 0 eng d
020 _a079808019958
041 _aeng
080 _a52
100 _a42
101 _aAST
245 _aTHURSDAYS UNIVERSE
_cBARTUSIAK.M
942 _2udc
_cBK
999 _c27005
_d27005